USMLE: Step 1 (Record no. 341)

000 -LEADER
fixed length control field 00814nam a22002657a 4500
005 - DATE AND TIME OF LATEST TRANSACTION
control field 20210419083443.0
008 - FIXED-LENGTH DATA ELEMENTS--GENERAL INFORMATION
fixed length control field 201110s2018 ||||| |||| 00| 0 eng d
020 ## - INTERNATIONAL STANDARD BOOK NUMBER
International Standard Book Number 9781506228358
040 ## - CATALOGING SOURCE
Original cataloging agency eng
Transcribing agency DLC
041 ## - LANGUAGE CODE
Language code of text/sound track or separate title eng
080 ## - UNIVERSAL DECIMAL CLASSIFICATION NUMBER
Universal Decimal Classification number 612
Item number K-20
100 ## - MAIN ENTRY--PERSONAL NAME
9 (RLIN) 25
Personal name Wilson, Britt. L. PhD
245 ## - TITLE STATEMENT
Title USMLE: Step 1
Remainder of title : Lecture Notes 2018, Physiology
Statement of responsibility, etc. / by Kaplan Medical: Edited by L. Britt Wilson Phd,
260 ## - PUBLICATION, DISTRIBUTION, ETC.
Place of publication, distribution, etc. New York
Name of publisher, distributor, etc. Kaplan Medical
Date of publication, distribution, etc. 2018
300 ## - PHYSICAL DESCRIPTION
Extent 425 pages
Other physical details ill
650 #0 - SUBJECT ADDED ENTRY--TOPICAL TERM
9 (RLIN) 129
Topical term or geographic name entry element Physiology
650 #0 - SUBJECT ADDED ENTRY--TOPICAL TERM
9 (RLIN) 69
Topical term or geographic name entry element Medicine
650 #0 - SUBJECT ADDED ENTRY--TOPICAL TERM
9 (RLIN) 72
Topical term or geographic name entry element USMLE STEP 1
653 ## - INDEX TERM--UNCONTROLLED
Uncontrolled term მედიცინა
653 ## - INDEX TERM--UNCONTROLLED
Uncontrolled term ფიზიოლოგია
700 ## - ADDED ENTRY--PERSONAL NAME
9 (RLIN) 25
Personal name Wilson, Britt. L. PhD
710 ## - ADDED ENTRY--CORPORATE NAME
9 (RLIN) 26
Corporate name or jurisdiction name as entry element Dasgupta, Raj MD, FACP, FCCP, FAASM
711 ## - ADDED ENTRY--MEETING NAME
9 (RLIN) 27
Meeting name or jurisdiction name as entry element Noto, P. Frank MD
942 ## - ADDED ENTRY ELEMENTS (KOHA)
Source of classification or shelving scheme
Koha item type Books
Holdings
Withdrawn status Lost status Source of classification or shelving scheme Damaged status Not for loan Permanent location Current location Date acquired Inventory number Total Checkouts Full call number Barcode Date last seen Date last checked out Price effective from Koha item type
          Ken Walker International University Ken Walker International University 11/21/2020 1182 1 612 K-20 1182 08/03/2023 07/07/2023 11/21/2020 Books
          Ken Walker International University Ken Walker International University 11/21/2020 1183   612 K-20 1183 06/28/2023   11/21/2020 Books

Powered by Koha